Dos retratos reales "efímeros" de Francisco Rizi en Toledo / (Record no. 182460)
[ view plain ]
| 000 -LEADER | |
|---|---|
| campo de control de longitud fija | 00770nam a2200181 i 4500 |
| 001 - NÚMERO DE CONTROL | |
| campo de control | 182460 |
| 003 - IDENTIFICADOR DE NÚMERO DE CONTROL | |
| campo de control | ES-MaACL |
| 005 - FECHA Y HORA DE LA ÚLTIMA TRANSACCIÓN | |
| campo de control | 20230906221621.0 |
| 008 - DATOS DE LONGITUD FIJA--INFORMACIÓN GENERAL | |
| campo de control de longitud fija | 130816s1987 sp |||| | spa d |
| 100 1# - ENTRADA PRINCIPAL--NOMBRE DE PERSONA | |
| Nombre de persona | Zapata Fernández de la Hoz, Teresa. |
| 9 (RLIN) | 153271 |
| 245 10 - MENCIÓN DEL TÍTULO | |
| Título | Dos retratos reales "efímeros" de Francisco Rizi en Toledo / |
| Mención de responsabilidad, etc. | Mª Teresa Zapata Fernández de la Hoz y Fernando Martínez Gil. |
| 260 ## - PUBLICACIÓN, DISTRIBUCIÓN, ETC. | |
| Lugar de publicación, distribución, etc. | Toledo : |
| Nombre del editor, distribuidor, etc. | Junta de Comunidades de Castilla-La Mancha, Consejería de Educación y Cultura, |
| Fecha de publicación, distribución, etc. | 1987. |
| 300 ## - DESCRIPCIÓN FÍSICA | |
| Extensión | 171-183 : |
| Otras características físicas | il. ; |
| Dimensiones | 27 cm. |
| 595 ## - | |
| -- | Separata de: Carpetania: revista del Museo de Santa Cruz, Toledo, 1987. |
| 600 14 - PUNTO DE ACCESO ADICIONAL DE MATERIA--NOMBRE DE PERSONA | |
| Nombre de persona | Rizi, Francisco ( |
| Fechas asociadas al nombre | 1614-1685) |
| 9 (RLIN) | 153272 |
| 700 0# - ENTRADA AGREGADA--NOMBRE PERSONAL | |
| Nombre de persona | Martínez Gil, Fernando. |
| 9 (RLIN) | 78120 |
| 852 ## - LOCALIZACIÓN | |
| Ubicación | ES-MaACL |
| Número de control de estantería | 2325-F-22 |
| Estatus retirado | Estado de pérdida | Estado de daño | No para préstamo | Colección | Biblioteca de origen | Biblioteca actual | Ubicación en estantería | Fecha de adquisición | Fuente de adquisición | Total de préstamos | Signatura topográfica completa | Código de barras | Visto por última vez | Precio de reemplazo | Tipo de ítem Koha |
|---|---|---|---|---|---|---|---|---|---|---|---|---|---|---|---|
| Colección de folletos | Biblioteca del Ateneo de Madrid | Biblioteca del Ateneo de Madrid | Depósito folletos | 16/08/2013 | 2325-F-22 | 1191740 | 23/02/2023 | 23/02/2023 | Folleto |
